| 000 | 01110nam a22003137a 4500 | ||
|---|---|---|---|
| 003 | CHAP | ||
| 005 | 20220817042711.0 | ||
| 008 | 971013s1977 r 00010 d | ||
| 010 | _a52698 | ||
| 011 | _a53670 | ||
| 035 | _a57820 | ||
| 040 | _cCHAP | ||
| 090 | _aTesis | ||
| 100 | 0 | 0 |
_aRosales Robles, Enrique. _999935 |
| 245 | _aPrueba de campo de los herbicidas 2,4-D (amina) y methabenzthiazuron y fitorregulador clormequat en parcelas con trigo (Triticum aestivum L.) | ||
| 260 |
_aMonterrey, N. L. : _bEl autor, _c1977 |
||
| 300 |
_a52 h. _b; gráfs. |
||
| 502 | _aTesis (Ing. Agr. Esp. en Producción Agropecuaria) -- ITESM. División de Ciencias Agropecuarias y Marítimas | ||
| 590 |
_aALEPH _b10 _c20130110 _lUCH01 _h1330 |
||
| 590 |
_aBATCH-UPD _b10 _c20130110 _lUCH01 _h0730 |
||
| 590 |
_aCONVERSION _b10 _c20130109 _lUCH01 _h1328 |
||
| 650 | 1 | 4 |
_aHerbicidas. _953691 |
| 650 | 1 | 4 | _aHormonas vegetales. |
| 650 | 1 | 4 |
_aPlantas _xCrecimiento _xEstimulantes. _988808 |
| 650 | 1 | 4 |
_aTrigo _xMalas hierbas _xControl. _9115054 |
| 901 | _aBK | ||
| 942 | _cTESIS | ||
| 949 |
_bBC _cTES _d-125651 _eTS1 _i57820 _si |
||
| 999 |
_c52698 _d52698 |
||